000 00487nam a22001931a 4500
001 3596
003 OSt
005 20260204211856.0
008 041208s2003||||dr ||||||b||||||||||spa||
020 _a9993492817
050 _aRD 303.372 A86s
082 _aRD 303.372 A86s
100 _aAbreu, Radamés
245 _aLas sendas del crecimiento / Radhamés Abreu
264 _aSanto Domingo : Manatí
300 _a97 p
650 _a1.Valores Morales - SociologíaÌ
942 _2ddc
_cBK
999 _c3596
_d3596